00588nam a2200181 a 450000100100000000500170001000800410002702000150006804000250008308200150010810000350012324500360015826000350019430000200022959000270024995201130027699900170038900004815020201002060943.0181122s1995 dr a 000 0 spa d a8489548110 aDO-SdBNPbspacBNPHU axxxbC118p1 aCáceres Mendoza, Fran97438313aLa participación ciudadana :. aSanto Domingo :bPUCMM,c1995. a36p. : ;c21cm. aInventariado, 2018/MFF 0010718PDaPDbPDcHDd2018-11-22iLF1l0oxxx C118pp48150-10r2020-06-25w2020-06-25yLFPDZNo se presta c47638d47638